Score 0/14 Timer 01:30
0 Plays Today
Clue 4-Letter Word % Correct
Not easyHARD
98.5%
Pig fatLARD
95%
• Jesus's father, aka God ••LORD•
92.9%
Payment for living in accommodationRENT
89.4%
Small horse-like creaturePONY
87.7%
• Period of holy observance and self-control before Easter ••LENT•
86.8%
A verbal tiradeRANT
86%
Clue 4-Letter Word % Correct
To breathe heavily, usually after exertionPANT
85.9%
Award recognizing performance in Broadway theaterTONY
84.8%
• Large Easter Bunny imposter ••HARE•
80.2%
Conservative politician in EnglandTORY
73.8%
A small parrot found in Asia and AustraliaLORY
71%
• Another word for 'small' (that can describe some easter eggs) ••PUNY•
69.1%
A long, narrow, flat-bottomed boatPUNT
66.4%

Today's Daily Dose

Remove Ads.
Support Sporcle.
Get the best of Sporcle when you Go Orange. This ad-free experience offers more features, more stats, and more fun while also helping to support Sporcle. Thank you for becoming a member.

You're not logged in!

Compare scores with friends on all Sporcle quizzes.
OR
Log In

Show Comments

Extras

Top Quizzes Today


Score Distribution

Your Account Isn't Verified!

In order to create a playlist on Sporcle, you need to verify the email address you used during registration. Go to your Sporcle Settings to finish the process.

Report this User

Report this user for behavior that violates our Community Guidelines.

Details: